Science Quiz

Random Science Quiz
Score 0/8 Timer 03:00
2 Plays Today
% Correct
Penis
91.3%
Urethra
84.8%
Testis
82.6%
Prostate Gland
80.8%
Scrotum
80.5%
Bladder
77.3%
Sperm Duct
73.9%
Epididymis
60.1%
Remove Ads.
Support Sporcle.
Get the best of Sporcle when you Go Orange. This ad-free experience offers more features, more stats, and more fun while also helping to support Sporcle. Thank you for becoming a member.

You're not logged in!

Compare scores with friends on all Sporcle quizzes.
OR
Log In

Sporcle TV

Today on Sporcle TV


Watch our educational content, quiz creation guides, and fun videos on Sporcle TV.

Show Comments

Extras

Top Quizzes Today


Score Distribution

Paid Content

Your Account Isn't Verified!

In order to create a playlist on Sporcle, you need to verify the email address you used during registration. Go to your Sporcle Settings to finish the process.

Report this User

Report this user for behavior that violates our Community Guidelines.

Details: